000 00649nam a2200229 i 4500
001 63358
003 ES-MaACL
005 20250830052208.0
007 t|
008 031209s1986 sp ||||1| spa d
020 _a84-7658-009-6
100 1 _aFerrater Mora, José.
_950338
245 1 0 _aVentana al mundo /
_cJosé Ferrater Mora.
250 _a[1ª ed.].
260 _aBarcelona :
_bAnthropos,
_c1986.
300 _a382 p. ;
_c20 cm.
490 1 _aAmbitos literarios. Ensayo ;
_v14
830 0 0 _aÁmbitos literarios.
_pEnsayo
_v14
_9236239
852 _aES-MaACL
_jL-10115
_bR.111827
942 _2udc
999 _c63358
_d63358